Design and construction of silos and bunkers / (Record no. 9939)

MARC details
000 -LEADER
fixed length control field 00535nam a2200157 a 4500
020 ## - INTERNATIONAL STANDARD BOOK NUMBER
ISBN 0442278012 (hardcover)
020 ## - INTERNATIONAL STANDARD BOOK NUMBER
ISBN 9780442278014 (hardcover)
100 1# - MAIN ENTRY--AUTHOR NAME
Personal name Safarian, Sargis S.
245 10 - TITLE STATEMENT
Title Design and construction of silos and bunkers /
260 ## - PUBLICATION, DISTRIBUTION, ETC. (IMPRINT)
Place of publication [S.l.] :
Name of publisher Van Nostrand Reinhold,
Year of publication 1985.
300 ## - PHYSICAL DESCRIPTION
Number of Pages 468 p.
856 40 - ELECTRONIC LOCATION AND ACCESS
Uniform Resource Identifier http://www.amazon.com/exec/obidos/ASIN/0442278012/chopaconline-20
Holdings
Withdrawn status Lost status Home library Current library Date acquired Full call number Accession Number Koha item type
    Seminar Library, Civil Engg. Seminar Library, Civil Engg. 15/09/2014 SAF 16770 Books